লোডিং...
Essentials of microbiology/
| প্রধান লেখক: | |
|---|---|
| প্রকাশিত: |
Mumbai:
CBS publishers,
2018.
|
| সংস্করন: | 2nd ed.; |
| বিষয়গুলি: |
| LEADER | 00421nam a22001817a 4500 | ||
|---|---|---|---|
| 020 | |a 9789380206882 | ||
| 082 | |a 579 |b ANU-E | ||
| 100 | |a Anuradha De. | ||
| 245 | |a Essentials of microbiology/ | ||
| 250 | |a 2nd ed.; | ||
| 260 | |a Mumbai: |b CBS publishers, |c 2018. | ||
| 300 | |a 368p.; | ||
| 650 | |a Microbiology | ||
| 650 | |a AIDS | ||
| 650 | |a Mycology-Virology-Parasitology | ||
| 650 | |a Malaria | ||
| 942 | |c BK | ||
| 999 | |c 53095 |d 53095 | ||